000
00347nam a2200169Ia 4500
100
_a
Leonhard/Werner
650
_a
Electric drives
250
_a
3
942
_c
BK
366
_f
25
245
_a
Control of Electric Drives
260
_b
Springer
_c
2001
082
_a
629.3043
_b
LEO
300
_a
460
546
_a
ENGLISH
_c
TTL
999
_c
22823
_d
22823